|
|
|
|
| LEADER |
01590nam a2200361 a 4500 |
| 001 |
6625 |
| 003 |
BD-DhAAL |
| 008 |
130210s2006 maua b 001 0 eng d |
| 999 |
|
|
|c 13180
|d 13180
|
| 010 |
|
|
|a 2005026846
|
| 020 |
|
|
|a 9780763734916 (pbk.)
|
| 020 |
|
|
|a 0763734918 (pbk.)
|
| 040 |
|
|
|a DNLM/DLC
|c DLC
|d BD-DhAAL
|
| 082 |
0 |
0 |
|a 614.4
|2 22
|
| 100 |
1 |
|
|a Hebel, J. Richard
|q (John Richard),
|d 1935-
|9 44143
|
| 245 |
1 |
2 |
|a A study guide to epidemiology and biostatistics /
|c J. Richard Hebel, Robert J. McCarter.
|
| 250 |
|
|
|a 6th ed.
|
| 260 |
|
|
|a Sudbury, Mass. :
|b Jones and Bartlett Publishers,
|c c2006.
|
| 300 |
|
|
|a xv, 213 p. :
|b ill. ;
|c 23 cm.
|
| 504 |
|
|
|a Includes bibliographical references and index.
|
| 541 |
1 |
|
|e 00026626
|
| 650 |
|
0 |
|a Epidemiology
|v Problems, exercises, etc.
|9 44144
|
| 650 |
|
0 |
|a Medical statistics
|v Problems, exercises, etc.
|9 44145
|
| 650 |
|
0 |
|a Epidemiology
|v Outlines, syllabi, etc.
|9 44146
|
| 650 |
|
0 |
|a Medical statistics
|v Outlines, syllabi, etc.
|9 44147
|
| 650 |
1 |
2 |
|a Epidemiology
|v Problems and Exercises.
|9 44148
|
| 650 |
2 |
2 |
|a Biometry
|v Problems and Exercises.
|9 44149
|
| 650 |
2 |
2 |
|a Pharmacy.
|9 44150
|
| 700 |
1 |
|
|a McCarter, Robert J.
|9 44151
|
| 852 |
1 |
|
|a Ayesha Abed Library
|j General Shelf.
|
| 942 |
|
|
|2 ddc
|c BK
|
| 952 |
|
|
|0 0
|1 0
|2 ddc
|4 0
|6 614_400000000000000_HEB
|7 0
|9 21947
|a JPGSPH
|b JPGSPH
|c GEN
|d 2013-02-11
|e Karim International
|g 3740.00
|l 0
|o 614.4 HEB
|p 3060026626
|r 2013-02-11
|t 2
|w 2013-02-11
|y BK
|
| 952 |
|
|
|0 0
|1 0
|2 ddc
|4 0
|6 614_400000000000000_HEB
|7 0
|9 54425
|a SCL
|b SCL
|c GEN
|d 2015-06-20
|l 1
|m 3
|o 614.4 HEB
|p 3020006625
|r 2019-07-03
|s 2019-06-23
|t 1
|w 2015-06-20
|y BK
|